Champion du monde de f1 - Statistiques

Statistiques générales
  • Ce quiz a été pris 111 fois
  • Le résultat moyen est 10 sur 15
Answers on the Grid
Answers color-coded by a green-red scale on the quiz's grid according to % correct below.
Lewis Hamilton
Max Verstapen
Felipe Massa
Jack Brabham
Mick Shumacher
Michael Schumacher
Ralf Schumacher
Nico Rosberg
Sebastian Vettel
Fernando Alonso
Giuseppe Farina
Alberto Ascari
Juan Manuel Fagio
Niki Lauda
Lando Norris
Damon Hill
Alain Prost
Thierry Boutsen
Joseph Siffert
Jarno Trulli
Esteban Ocon
Jean-Pierre Beltoise
Rodger Ward
Carlos Saint Jr.
Keke Rosberg
Sergio Perez
Jacque Laffite
Juan Pablo Montoya
Charles Leclerc
Daniel Ricciardo
 
Statistiques - réponses
Réponse % Correct
Max Verstapen
82%
Michael Schumacher
82%
Nico Rosberg
78%
Lewis Hamilton
75%
Alain Prost
74%
Lando Norris
74%
Sebastian Vettel
71%
Fernando Alonso
70%
Niki Lauda
68%
Juan Manuel Fagio
60%
Damon Hill
57%
Alberto Ascari
51%
Giuseppe Farina
48%
Jack Brabham
45%
Keke Rosberg
44%
Aucun quiz correspondant
Distribution des résultats
% des personnes avec chaque résultat
Percentile par nombre de réponses
Votre historique - résultats
Vous n’avez pas pris ce quiz